| 000 | 00473 a2200169 4500 | ||
|---|---|---|---|
| 003 | OSt | ||
| 005 | 20231223140425.0 | ||
| 008 | 231223b |||||||| |||| 00| 0 eng d | ||
| 020 | _a8181436202 | ||
| 040 | _coclc | ||
| 082 |
_a891.43 _bGUP/A |
||
| 100 |
_aGupta, Vibha _9204 |
||
| 245 |
_aANUVAD KE BHASHIK PAKSH / _cVibha Gupta |
||
| 260 |
_aNew Delhi: _bVani Prakashan, _c2013. |
||
| 300 | _a120p | ||
| 942 |
_2ddc _cBK _h891.43 _iGUP/A _k891.43 _mGUP/A |
||
| 999 |
_c43553 _d43553 |
||